| 000 | 00346nam a22001457a 4500 | ||
|---|---|---|---|
| 003 | SGT | ||
| 082 |
_a610.73 _bS12I |
||
| 100 | _aINDIAN NURSING COUNCIL | ||
| 245 | _aSYLLABUS & REGULATIONS ANM | ||
| 260 |
_aINDIA _bINDIAN NURSING COUNCIL _c2012 |
||
| 300 | _a96 | ||
| 650 | _aNURSING SYLLABUS | ||
| 653 | _aNURSING SYLLABUS | ||
| 942 |
_2ddc _cBK |
||
| 999 |
_c22421 _d22421 |
||